00599nam a2200205Ia 4500008004100000050001600041050001500057100003100072245006000103245003100163260003100194260001000225260001000235300001500245300002000260300001100280500005600291521002700347999001900374170504s9999 xx 000 0 und d aZA 4081.86  b.B869 2016 aBroncano, Demmark Elmer R. aSt. joseph bamboo organ parish population reporistory / cDemmark Elmer R. Broncano. aLas Piñas, Philippines : bSISC, c2016. a43 pages : billustrations ; c28 cm. aIncludes bibliographical references and appendices. aInformation Technology c329746d329746